Statistics for Friends Characters

Click here to take the quiz!

General Stats

  • This quiz has been taken 1,616 times
  • The average score is 15 of 17

Answer Stats

Hint Answer % Correct
YOJEJoey
100%
OSRSRoss
99%
AICONMMonica
98%
BEEPHOPhoebe
98%
LDNERCHAChandler
98%
HLECARRachel
97%
KCJAJack
97%
NBEBen
96%
GATTag
93%
USURALUrsula
93%
KMIEMike
88%
MMEAEmma
84%
ARDCHRIRichard
83%
ROLCACarol
83%
JICEANJanice
83%
ILYEMEmily
72%
RIEACErica
54%

Score Distribution

Percentile by Number Answered

Percent of People with Each Score

Your Score History

You have not taken this quiz